000 00483cam a2200181 4500
001 D12107
008 090401t1897 xxu||||| |||| 00| 0 eng d
035 _a(Sirsi) u94052
041 _aeng
100 _aBedford, The Duke of
245 2 _aA great agricultural estate: being the story of the origin and administration of Woburn and Thornley
250 _a3rd
260 _aLondon
_bJohn Murray
_c1897
350 _a0
520 _aShelf 151
942 _n0
948 _c04/03/1997
999 _c97886
_d97886